Normal view MARC view
  • Schiller, John

Entry Personal Name

Number of records used in: 2

001 - CONTROL NUMBER

  • control field: 8663

003 - CONTROL NUMBER IDENTIFIER

  • control field: NUST

005 - DATE AND TIME OF LATEST TRANSACTION

  • control field: 20180118115946.0

008 - FIXED-LENGTH DATA ELEMENTS

  • fixed length control field: 180118|| aca||aabn | a|a d

040 ## - CATALOGING SOURCE

  • Original cataloging agency: NUST
  • Transcribing agency: NUST

100 ## - HEADING--PERSONAL NAME

  • Personal name: Schiller, John

670 ## - SOURCE DATA FOUND

  • Source citation: Work cat.: (NUST)30190: Lipschutz, Seymour. 8529, Schaum's outline of introduction to probability and statistics /, 2006.
© 2023 Central Library, National University of Sciences and Technology. All Rights Reserved.